Loading...
| Literature - World | 0 | 7 | 0 | 1 | 70 | 60 | 113.00 | 1 | 2 | 0.00 | 0.00 |
| Literature - British | 0 | 4 | 0 | 0 | 40 | 86 | 119.50 | 0 | 2 | 0.00 | 0.00 |
| Literature - American | 0 | 4 | 0 | 0 | 40 | 108 | 122.50 | 0 | 1 | 0.00 | 0.00 |
| Literature - European | 0 | 4 | 1 | 0 | 35 | 80 | 100.00 | 0 | 4 | 0.00 | 0.00 |
| Philosophy | 0 | 2 | 0 | 0 | 20 | 112 | 113.00 | 0 | 0 | 0.00 | 0.00 |
| Fine Arts - Painting and Sculpture | 0 | 3 | 2 | 0 | 20 | 110 | 119.00 | 0 | 2 | 0.00 | 0.00 |
| History - Other | 0 | 2 | 0 | 0 | 20 | 89 | 94.50 | 0 | 2 | 0.00 | 0.00 |
| Religion | 0 | 2 | 0 | 1 | 20 | 119 | 127.50 | 0 | 0 | 0.00 | 0.00 |
| History - European | 0 | 2 | 0 | 0 | 20 | 57 | 59.00 | 0 | 1 | 0.00 | 0.00 |
| Mythology | 0 | 2 | 1 | 0 | 15 | 56 | 91.50 | 1 | 1 | 0.00 | 0.00 |
| Social Science | 0 | 1 | 0 | 0 | 10 | 93 | 93.00 | 1 | 1 | 0.00 | 0.00 |
| Fine Arts - Other | 0 | 1 | 0 | 0 | 10 | 69 | 69.00 | 0 | 1 | 0.00 | 0.00 |
| History - World | 0 | 1 | 0 | 0 | 10 | 104 | 104.00 | 0 | 0 | 0.00 | 0.00 |
| Other Academic | 0 | 1 | 0 | 0 | 10 | 96 | 96.00 | 0 | 0 | 0.00 | 0.00 |
| History - American | 0 | 1 | 1 | 1 | 5 | 117 | 117.00 | 0 | 0 | 0.00 | 0.00 |
| Fine Arts - Classical Music | 0 | 0 | 0 | 0 | 0 | 0.00 | 0 | 0 | 0.00 | 0.00 | |
| Current Events | 0 | 0 | 1 | 0 | -5 | 0.00 | 0 | 0 | 0.00 | 0.00 | |
| Geography | 0 | 0 | 2 | 0 | -10 | 0.00 | 0 | 0 | 0.00 | 0.00 |